00688nam a2200217 i 450000100060000000300090000600500170001500700030003200800410003502000180007610000270009424500540012126000310017530000220020649000210022850400200024983000290026985200330029899900170033195201220034875018ES-MaACL20230906172320.0t|040921s1985 sp ||||1| spa d a84-85991-27-31 aGoñi, Javier.95908110aCinco horas con Miguel Delibes / cJavier Goñi. aMadrid : bArjona, c1985. a115 p. ; c21 cm.1 aDe palabra ; v9 aBibliografía.0 aDe palabra ; v99189929 aES-MaACLjL-10397 bR.110751 c75018d75018 00104070aATENEOMbATENEOMcDEPO2d2008-01-17eSCl0oL-10397p1078523r2023-02-23 00:00:00w2023-02-23yMONOGRAFIA